Balkanlar, Kafkasya ve Ortadogu'daki gelismeler ve Turkiye /

محفوظ في:

مؤلفون آخرون: Manisali, Erol

التنسيق: كتاب

اللغة: Turkish

منشور في: [Cyprus] : Kıbrıs Araştırmaları Vakfı, 1994.

سلاسل: Uluslararası Girne konferansları.

الموضوعات:

الوسوم: إضافة وسم

لا توجد وسوم, كن أول من يضع وسما على هذه التسجيلة!

رقم الطلب: DR477 .B35 1994

LEADER 01216namaa2200301 4500
001 6747
003 OSt
005 20240925075904.0
008 130303s1994 cy b 000 0 tur d
952 |0 0  |1 0  |2 lcc  |4 0  |6 DR0477 B35 01994  |7 1  |9 4618  |a ARCE  |b ARCE  |d 2020-08-08  |l 0  |o DR477 .B35 1994  |p 1015810  |r 2020-08-08 00:00:00  |w 2020-08-08  |y BK 
999 |c 8141  |d 8141 
040 |c ARCE Library 
050 4 |a DR477 .B35 1994 
245 0 0 |a Balkanlar, Kafkasya ve Ortadogu'daki gelismeler ve Turkiye /  |c editör, Erol Manisali 
246 1 4 |a Balkanlar, Kafkasya ve Ortadoğu'da gelişmeler ve Türkiye. 
264 1 |a [Cyprus] :  |b Kıbrıs Araştırmaları Vakfı,  |c 1994. 
300 |a 75 pages ;  |c 24 cm. 
490 0 |a Uluslararası Girne konferansları. 
504 |a Includes bibliographical references (p. 74-75). 
546 |a In Turkish; one article in English. 
651 0 |a Balkan Peninsula  |x Foreign economic relations  |z Turkey. 
651 0 |a Caucasus  |x Foreign economic relations  |z Turkey. 
651 0 |a Turkey  |x Foreign relations  |z Balkan Peninsula. 
651 0 |a Turkey  |x Foreign relations  |z Caucasus. 
651 0 |a Turkey  |x Foreign relations  |z Middle East. 
700 1 |a Manisali, Erol,  |9 28904 
901 |a reviewed 
942 |c BK  |2 lcc